Statistics for The Office (US) Characters

Click here to take the quiz!

General Stats

  • This quiz has been taken 41 times
  • The average score is 25 of 32

Answer Stats

Actor/ActressOccupationAnswer% Correct
Angela KinseyAccountantAngela Martin
100%
Rainn WilsonSales Rep. / Regional ManagerDwight Schrute
100%
Steve CarellRegional ManagerMichael Scott
100%
Oscar NunezAccountantOscar Martinez
100%
John KrasinskiSales Rep.Jim Halpert
97%
Brian BaumgartnerAccountantKevin Malone
97%
Jenna FischerReceptionist / SalesmanPam Beesly
97%
Phyllis SmithSales Rep.Phyllis Lapin-Vance
97%
B.J. NovakSalesman / VP of Northeast SalesRyan Howard
94%
Creed BrattonQuality AssuranceCreed Bratton
88%
Leslie David BakerSales Rep.Stanley Hudson
88%
Paul LiebersteinHuman ResourcesToby Flenderson
88%
Bobby Ray SchaferEmployed at Vance RefrigerationBob Vance
85%
Mindy KalingCustomer ServiceKelly Kapoor
85%
Ed HelmsSales Rep. / Regional ManagerAndy Bernard
82%
Melora HardinVP of Northeast SalesJan Levinson
82%
Andy BuckleyDunder Mifflin CEODavid Wallace
79%
James SpaderCEO of SabreRobert California
79%
Craig RobinsonWarehouse ForemanDarryl Philbin
76%
Ellie KemperReceptionistErin Hannon
76%
Rashida JonesSales Rep. / Regional ManagerKaren Filippelli
76%
Kate FlanneryAccountant / PurchasingMeredith Palmer
74%
Zach WoodsEmployed at SabreGabe Lewis
71%
Amy RyanHuman Resources Rep.Holly Flax
68%
Michael SchurBeet FarmerMose Schrute
68%
Catherine TateRegional Manager / Sales Rep.Nellie Bertram
59%
Davin DenmanWarehouse WorkerRoy Anderson
59%
David KoechnerTraveling SalesmanTodd Packer
56%
Clark DukeJr. Salesman / Customer ServiceClark Green
50%
Jake LacyCustomer ServicePete Miller
50%
Hugh DaneSecurity GuardHank Doyle
47%
Nancy WallsReal Estate AgentCarol Stills
41%

Score Distribution

Percentile by Number Answered

Percent of People with Each Score

Your Score History

You have not taken this quiz